000 00234nam a2200097Ia 4500
001 1213098
005 20250827024507.0
008 250824s9999 xx 000 0 und d
245 0 _aKOYDA
_cKATHERINE MANSFIELD
260 _bCAN YAYINLARI
999 _c1213098
_d1213098